Denis a jeho sestry { prečo som taká trúba?

Bibliographic Details
Main Author: Revajová, Toňa, 1948- (Author)
Format: Article
Language:Slovak
ISSN:1335-020X
Subjects:

MARC

LEADER 00000nab a2200000 a 4500
001 vtls011593831
003 SK-MaSNL
005 20260303082619.0
008 161121 2016xo m 000 0 slo
015 |a SNKBRB 2016/11 
038 |a KEKMK 
040 |a KEKMK  |b slo  |c KEKMK  |e AACR2 
041 |a slo 
044 |a xo  |c SK 
100 1 |a Revajová, Toňa,  |d 1948-  |4 aut  |9 199470 
245 1 0 |a Denis a jeho sestry { prečo som taká trúba?  |c Toňa Revajová 
650 0 7 |a literatúra pre deti a mládež  |2 kekmk  |9 21893 
773 |t Fifík  |g Roč. 26, č.3 (november 2016), s. 10  |x 1335-020X 
958 |a DB 
999 |c 1788565  |d 1790495